[Event "26th WSCC 2016 Open 50+"]
[Site "Marianske Lazne, Czech Republic - Hotel Cristal and Continental"]
[Date "2016.11.30"]
[Round "11.55"]
[White "Polanyi, Peter"]
[Black "Habada, Jindrich"]
[Result "1/2-1/2"]
[WhiteElo "1990"]
[BlackElo "1799"]
[PlyCount "163"]
[EventDate "2016.11.19"]

1. e4 c5 2. Nf3 d6 3. d4 cxd4 4. Nxd4 Nf6 5. Nc3 g6 6. Be3 Bg7 7. Bc4 Nc6 8.
Bb3 O-O 9. h3 Bd7 10. Qd2 Rc8 11. g4 a5 12. f3 Ne5 13. h4 h5 14. gxh5 Nxh5 15.
Bh6 b5 16. Bxg7 Kxg7 17. a3 Nc4 18. Bxc4 Rxc4 19. O-O-O b4 20. axb4 axb4 21.
Nd5 e5 22. Nb3 Qb8 23. Ne3 Rc6 24. Nf5+ Bxf5 25. exf5 Rfc8 26. fxg6 fxg6 27.
Qg5 Rxc2+ 28. Kb1 Qa7 29. Rd2 Rxd2 30. Qxd2 Ra8 31. Qc2 Qe3 32. Rd1 Qxf3 33.
Rxd6 Nf4 34. Rd7+ Kh8 35. Qc4 Ne2 36. Rd1 Qf5+ 37. Qd3 Qxd3+ 38. Rxd3 Kg7 39.
Re3 Nd4 40. Nc5 Kf6 41. Nd7+ Ke6 42. Rxe5+ Kd6 43. Re4 Nc6 44. Nb6 Rh8 45. Kc2
Rh5 46. Nc4+ Kd5 47. Rg4 Nd4+ 48. Kd3 Nf3 49. Ne3+ Kc5 50. Kc2 Rxh4 51. Rxg6
Rh2+ 52. Kb3 Rh1 53. Nc2 Nd2+ 54. Ka4 b3 55. Rg5+ Kc4 56. Na3+ Kd3 57. Rd5+ Ke3
58. Kb4 Rc1 59. Rd8 Rc7 60. Nb5 Rc4+ 61. Ka3 Rc5 62. Nc3 Rc4 63. Rd5 Rd4 64.
Rb5 Kd3 65. Nd5 Kc2 66. Nb4+ Kc1 67. Rc5+ Rc4 68. Rd5 Rc8 69. Nd3+ Kc2 70. Nb4+
Kc1 71. Nd3+ Kc2 72. Ne1+ Kd1 73. Nf3 Ra8+ 74. Kb4 Rb8+ 75. Kc5 Rc8+ 76. Kb4
Rb8+ 77. Ka5 Ra8+ 78. Kb6 Kc1 79. Rxd2 Ra2 80. Rd3 Rxb2 81. Nd4 Rb1 82. Rxb3
1/2-1/2

[Event "26th WSCC 2016 Open 50+"]
[Site "Marianske Lazne, Czech Republic - Hotel Cristal and Continental"]
[Date "2016.11.30"]
[Round "11.57"]
[White "Krutina, Miroslav"]
[Black "Schneider, Waldemar"]
[Result "1/2-1/2"]
[WhiteElo "1983"]
[BlackElo "1818"]
[PlyCount "105"]
[EventDate "2016.11.19"]

1. Nf3 Nf6 2. c4 e6 3. g3 d5 4. Bg2 Nc6 5. b3 Be7 6. O-O O-O 7. Bb2 Rb8 8. d3
Re8 9. a3 d4 10. b4 a6 11. b5 Na5 12. Nxd4 axb5 13. Nxb5 Bd7 14. a4 c6 15. Nd4
e5 16. Nb3 Nxb3 17. Qxb3 Bd6 18. Nc3 Be6 19. Qc2 Qd7 20. Ba3 Bc7 21. Bc5 Bh3
22. f3 Bxg2 23. Kxg2 Rec8 24. Bf2 Ba5 25. Ne4 Bd8 26. c5 Nxe4 27. dxe4 Ba5 28.
Rfd1 Qe7 29. Rd3 Kf8 30. Rad1 Rd8 31. Qc4 Ke8 32. f4 h6 33. Be3 f6 34. Rd6 Qf7
35. Qxf7+ Kxf7 36. Kf3 h5 37. Rxd8 Rxd8 38. Rxd8 Bxd8 39. h4 g6 40. fxe5 fxe5
41. Kf2 Ke6 42. Ke1 Kd7 43. Kd1 Kc8 44. Kc2 Kb8 45. Bg5 Bc7 46. Kb3 Kc8 47. Kc4
Kd7 48. Be3 Ba5 49. Bf2 Bd2 50. Kd3 Ba5 51. Kc4 Ke6 52. Kd3 Bd8 53. Kc4 1/2-1/2

[Event "26th WSCC 2016 Open 50+"]
[Site "Marianske Lazne, Czech Republic - Hotel Cristal and Continental"]
[Date "2016.11.30"]
[Round "11.58"]
[White "Petras, Milan"]
[Black "Molnar, Ladislav"]
[Result "1-0"]
[WhiteElo "1969"]
[BlackElo "1738"]
[PlyCount "31"]
[EventDate "2016.11.19"]

1. e4 e6 2. d4 c5 3. c3 cxd4 4. cxd4 d5 5. e5 Bb4+ 6. Nc3 Ne7 7. Bd3 Nbc6 8.
Nf3 a6 9. O-O O-O 10. Bxh7+ Kxh7 11. Ng5+ Kg8 12. Qh5 Re8 13. Qh7+ Kf8 14. Qh8+
Ng8 15. Nh7+ Ke7 16. Bg5+ 1-0

[Event "26th WSCC 2016 Open 50+"]
[Site "Marianske Lazne, Czech Republic - Hotel Cristal and Continental"]
[Date "2016.11.30"]
[Round "11.60"]
[White "Panos, Jan"]
[Black "Cesar, Geovanny"]
[Result "1-0"]
[WhiteElo "1845"]
[BlackElo "1942"]
[PlyCount "59"]
[EventDate "2016.11.19"]

1. d4 d5 2. Nf3 Nf6 3. Nc3 c6 4. Bf4 Bf5 5. e3 e6 6. Bd3 Bg6 7. Ne5 Nbd7 8.
Nxg6 hxg6 9. e4 dxe4 10. Nxe4 Nxe4 11. Bxe4 Nf6 12. Bf3 Bd6 13. Be3 Qc7 14. g3
Rd8 15. c3 a6 16. Qb3 Nh5 17. O-O-O Nf6 18. d5 Qd7 19. Bb6 cxd5 20. Bxd8 Kxd8
21. h4 Ke7 22. Rhe1 Kf8 23. c4 Qc7 24. Kb1 Bc5 25. Re2 Kg8 26. cxd5 exd5 27.
Bxd5 Nxd5 28. Rxd5 Kh7 29. Qc2 Bb6 30. Rh5+ 1-0

[Event "26th WSCC 2016 Open 50+"]
[Site "Marianske Lazne, Czech Republic - Hotel Cristal and Continental"]
[Date "2016.11.30"]
[Round "11.61"]
[White "Marsalek, Lubos"]
[Black "Lavrincik, Pavel"]
[Result "1/2-1/2"]
[WhiteElo "1927"]
[BlackElo "1837"]
[PlyCount "40"]
[EventDate "2016.11.19"]

1. d4 d6 2. Nf3 Nf6 3. Nc3 g6 4. e4 Bg7 5. Be2 O-O 6. O-O c6 7. h3 b5 8. e5
Nfd7 9. exd6 exd6 10. Bf4 d5 11. a3 Nf6 12. Ne5 Bb7 13. Re1 Nbd7 14. Bf3 Re8
15. Qd2 Nxe5 16. Bxe5 Nd7 17. Bf4 Nf6 18. Rxe8+ Qxe8 19. Re1 Qd7 20. Bg5 Re8
1/2-1/2

[Event "26th WSCC 2016 Open 50+"]
[Site "Marianske Lazne, Czech Republic - Hotel Cristal and Continental"]
[Date "2016.11.30"]
[Round "11.62"]
[White "Ruzicka, Tomas"]
[Black "Frost, Peter"]
[Result "0-1"]
[WhiteElo "1796"]
[BlackElo "1916"]
[PlyCount "116"]
[EventDate "2016.11.19"]

1. e4 d6 2. f4 Nf6 3. d3 e5 4. Nf3 Nbd7 5. Be2 c6 6. c3 Be7 7. O-O O-O 8. Qe1
exf4 9. Bxf4 Qb6+ 10. Kh1 Qxb2 11. Qd1 Qb6 12. Nbd2 Re8 13. Rb1 Qc7 14. Ng5 h6
15. Ngf3 Ne5 16. Nd4 Ng6 17. Bg3 b5 18. N2f3 Bf8 19. Nh4 a6 20. Ndf5 Kh7 21.
Qd2 Ng8 22. Rf2 Nxh4 23. Nxh4 Be6 24. Rbf1 g6 25. d4 Re7 26. d5 cxd5 27. exd5
Bc8 28. Bd3 Bg7 29. Qc2 Qxc3 30. Qxc3 Bxc3 31. Rxf7+ Bg7 32. Bxg6+ Kh8 33. Bd3
Rxf7 34. Rxf7 Nf6 35. Bxd6 Kg8 36. Re7 Bg4 37. Re1 Rd8 38. Be7 Rxd5 39. Bc2 Rd2
40. Bb3+ Kh7 41. h3 Re2 42. Rxe2 Bxe2 43. Nf5 Bc4 44. Nxg7 Kxg7 45. Ba3 Bxb3
46. axb3 a5 47. b4 axb4 48. Bxb4 Nd5 49. Ba3 b4 50. Bb2+ Kg6 51. Kg1 Ne3 52. h4
Nc4 53. Bc1 b3 54. g4 b2 55. h5+ Kg7 56. Bxb2+ Nxb2 57. Kf2 Kf6 58. Kf3 Kg5 0-1

[Event "26th WSCC 2016 Open 50+"]
[Site "Marianske Lazne, Czech Republic - Hotel Cristal and Continental"]
[Date "2016.11.30"]
[Round "11.64"]
[White "Wilkinson, Ian"]
[Black "Bastyr, Pavel"]
[Result "1-0"]
[WhiteElo "1885"]
[BlackElo "1462"]
[PlyCount "51"]
[EventDate "2016.11.19"]

1. e4 c5 2. Nf3 d6 3. d4 cxd4 4. Nxd4 Nf6 5. Nc3 a6 6. Bg5 Nbd7 7. Qe2 Qc7 8.
O-O-O e5 9. Nd5 Nxd5 10. exd5 Nb6 11. f4 f6 12. Bh4 Nxd5 13. fxe5 Nf4 14. Qe4
dxe5 15. Re1 Bd6 16. Qxf4 O-O 17. Qd2 exd4 18. Qxd4 Be5 19. Bc4+ Kh8 20. Qd3
Rd8 21. Rxe5 Bf5 22. Qxf5 Qxc4 23. Bxf6 Rf8 24. Bxg7+ Kxg7 25. Re7+ Kh6 26.
Rxh7# 1-0

[Event "26th WSCC 2016 Open 50+"]
[Site "Marianske Lazne, Czech Republic - Hotel Cristal and Continental"]
[Date "2016.11.30"]
[Round "11.65"]
[White "Giulian, Rosemary A"]
[Black "Svec, Jan"]
[Result "1/2-1/2"]
[WhiteElo "1932"]
[BlackElo "1717"]
[PlyCount "53"]
[EventDate "2016.11.19"]

1. e4 c5 2. c3 d6 3. d4 Nf6 4. Bd3 Nc6 5. dxc5 dxc5 6. Qe2 Ne5 7. Bc2 g6 8. h3
Bg7 9. Nf3 Nxf3+ 10. Qxf3 O-O 11. O-O Qc7 12. Nd2 b6 13. Qe2 Bb7 14. Nf3 Nd7
15. Bg5 Ne5 16. Bf4 Nxf3+ 17. Qxf3 Be5 18. Bh6 Bg7 19. Qe3 Bxh6 20. Qxh6 e5 21.
h4 Qe7 22. g3 Ba6 23. Rfe1 Rad8 24. Rad1 Rxd1 25. Rxd1 Rd8 26. Rd2 Rxd2 27.
Qxd2 1/2-1/2

[Event "26th WSCC 2016 Open 50+"]
[Site "Marianske Lazne, Czech Republic - Hotel Cristal and Continental"]
[Date "2016.11.30"]
[Round "11.67"]
[White "Meier, Franz"]
[Black "Svoboda, Frantisek"]
[Result "0-1"]
[WhiteElo "1859"]
[BlackElo "1701"]
[PlyCount "86"]
[EventDate "2016.11.19"]

1. e4 Nc6 2. Nf3 Nf6 3. e5 Ng4 4. d4 d6 5. h3 Nh6 6. Bxh6 gxh6 7. Bb5 a6 8. Ba4
b5 9. Bb3 Bf5 10. Bd5 Qd7 11. Nc3 Bg7 12. Nh4 Be6 13. Bxc6 Qxc6 14. d5 Qc4 15.
dxe6 Qxh4 16. exf7+ Kxf7 17. e6+ Kxe6 18. Qd5+ Kd7 19. Ne4 c6 20. Nc5+ Kc7 21.
Ne6+ Kb6 22. Qf3 Bxb2 23. Rb1 Qb4+ 24. Kd1 Qc3 25. Qxc3 Bxc3 26. Rb3 b4 27. g3
Rhg8 28. Nf4 Raf8 29. Ke2 e5 30. Nd3 c5 31. Rbb1 a5 32. a4 c4 33. Nb2 d5 34.
Nd1 d4 35. Nxc3 dxc3 36. Ke3 Rd8 37. Rhe1 Rd2 38. Re2 Rgd8 39. Rxd2 cxd2 40.
Rd1 c3 41. f4 exf4+ 42. gxf4 Re8+ 43. Kf2 Kc6 0-1

[Event "26th WSCC 2016 Open 50+"]
[Site "Marianske Lazne, Czech Republic - Hotel Cristal and Continental"]
[Date "2016.11.30"]
[Round "11.68"]
[White "Petersons, Ojars"]
[Black "Kylar, Miroslav"]
[Result "1/2-1/2"]
[WhiteElo "1704"]
[BlackElo "1851"]
[PlyCount "103"]
[EventDate "2016.11.19"]

1. d4 d5 2. Nf3 e6 3. e3 c5 4. b3 Nc6 5. Bb2 Nf6 6. Bd3 Nb4 7. Be2 Qc7 8. a3
Nc6 9. Bd3 Bd7 10. Nbd2 cxd4 11. exd4 Bd6 12. Qe2 Qb6 13. O-O Nh5 14. g3 Nf6
15. c4 dxc4 16. Nxc4 Qc7 17. Nce5 h6 18. Rac1 O-O 19. Rfd1 Qb6 20. Nc4 Qc7 21.
Nfe5 Be7 22. Nxd7 Qxd7 23. Ne5 Nxe5 24. dxe5 Nd5 25. Qe4 g6 26. h4 h5 27. Bc4
Rfd8 28. Rd3 Rac8 29. Rcd1 Qc6 30. Bxd5 Rxd5 31. Rxd5 exd5 32. Qd3 Qc2 33. Bd4
Qxd3 34. Rxd3 Bxa3 35. Bxa7 Bc5 36. Bxc5 Rxc5 37. Kg2 Kf8 38. Kf3 Ke7 39. Ke3
Ke6 40. Kd4 Rb5 41. Rf3 Ke7 42. Rc3 Ke6 43. f4 f6 44. exf6 Kxf6 45. Re3 Kf5 46.
Re5+ Kf6 47. Kc3 d4+ 48. Kxd4 Rxb3 49. Rg5 b6 50. Kc4 Rb1 51. Kc3 Rc1+ 52. Kb4
1/2-1/2

[Event "26th WSCC 2016 Open 50+"]
[Site "Marianske Lazne, Czech Republic - Hotel Cristal and Continental"]
[Date "2016.11.30"]
[Round "11.69"]
[White "Simon, Petr"]
[Black "Vieira, Alexandre Letizio"]
[Result "0-1"]
[WhiteElo "1681"]
[BlackElo "1835"]
[PlyCount "66"]
[EventDate "2016.11.19"]

1. e4 Nf6 2. Nc3 d5 3. exd5 Nxd5 4. Nxd5 Qxd5 5. Qf3 Qxf3 6. Nxf3 Bf5 7. c3 a6
8. d4 Nd7 9. Bf4 c6 10. Be2 g6 11. O-O Bg7 12. Rad1 Nf6 13. h3 O-O 14. Rfe1 Nd5
15. Bg3 Rfe8 16. Bd3 Bxd3 17. Rxd3 e6 18. a3 Rad8 19. Red1 h6 20. c4 Ne7 21.
Bh2 f6 22. b3 Kf7 23. Kf1 Rd7 24. g4 g5 25. Ne1 Red8 26. f4 f5 27. Nf3 fxg4 28.
hxg4 gxf4 29. Bxf4 Ng6 30. Bg3 c5 31. Nh4 Rxd4 32. Rf3+ Bf6 33. Nxg6 Rxd1+ 0-1

[Event "26th WSCC 2016 Open 50+"]
[Site "Marianske Lazne, Czech Republic - Hotel Cristal and Continental"]
[Date "2016.11.30"]
[Round "11.70"]
[White "Muniraju, Narayanappa"]
[Black "Koblizek, Lubomir"]
[Result "1-0"]
[WhiteElo "1264"]
[BlackElo "1811"]
[PlyCount "115"]
[EventDate "2016.11.19"]

1. d4 d5 2. Nf3 g6 3. e3 Bg7 4. Be2 Nd7 5. O-O c6 6. c4 dxc4 7. Bxc4 Nb6 8. Be2
Nf6 9. Nc3 O-O 10. Bd2 Bf5 11. Rc1 Re8 12. Nh4 Qd7 13. Nxf5 Qxf5 14. Qc2 Qd7
15. Rfd1 e5 16. dxe5 Rxe5 17. Na4 Qe8 18. Nc5 Re7 19. Bf3 Nfd5 20. h3 Rc7 21.
e4 Nf6 22. Bf4 Re7 23. Bd6 Rd8 24. Bxe7 Rxd1+ 25. Rxd1 Qxe7 26. b3 Bf8 27. Nd3
Nxe4 28. Re1 f5 29. Qe2 Nd5 30. Bxe4 fxe4 31. Qxe4 Qxe4 32. Rxe4 Bd6 33. Re6
Be7 34. Nf4 Kf7 35. Re4 Nc3 36. Re1 g5 37. Ne2 Nd5 38. Nd4 a5 39. a4 Kf6 40.
Re6+ Kf7 41. Rh6 Kg8 42. Nf5 Bf6 43. g3 b5 44. h4 gxh4 45. Nxh4 bxa4 46. bxa4
Kg7 47. Nf5+ Kg8 48. Kf1 c5 49. Ke2 c4 50. Rh5 Nc3+ 51. Kf3 Nxa4 52. Ne3 Nb2
53. Rxa5 c3 54. Nc2 Nc4 55. Ra6 Kf7 56. Ke2 h5 57. Kd3 Nb2+ 58. Ke4 1-0

[Event "26th WSCC 2016 Open 50+"]
[Site "Marianske Lazne, Czech Republic - Hotel Cristal and Continental"]
[Date "2016.11.30"]
[Round "11.72"]
[White "Privoznik, Lubos"]
[Black "De Winter, Gerard"]
[Result "1-0"]
[WhiteElo "1652"]
[BlackElo "1771"]
[PlyCount "49"]
[EventDate "2016.11.19"]

1. e4 c5 2. Nc3 Nc6 3. Bb5 Nd4 4. Bc4 e6 5. Nf3 Nxf3+ 6. Qxf3 a6 7. e5 d6 8.
exd6 Bxd6 9. Ne4 Be7 10. a4 Nf6 11. d3 O-O 12. O-O Nxe4 13. dxe4 Qc7 14. Re1
Bd7 15. Bd2 Bc6 16. Qg4 Rfd8 17. Bc3 g6 18. Re3 b5 19. Bxe6 fxe6 20. Qxe6+ Kf8
21. Be5 Qc8 22. Rf3+ Ke8 23. Qf7+ Kd7 24. Rd1+ Bd5 25. Qxd5+ 1-0

[Event "26th WSCC 2016 Open 50+"]
[Site "Marianske Lazne, Czech Republic - Hotel Cristal and Continental"]
[Date "2016.11.30"]
[Round "11.74"]
[White "Koci, Vladimir"]
[Black "Serafim Junior, Arnor"]
[Result "1/2-1/2"]
[WhiteElo "1636"]
[BlackElo "1846"]
[PlyCount "59"]
[EventDate "2016.11.19"]

1. e4 c5 2. Nf3 e6 3. d4 cxd4 4. Nxd4 a6 5. Nc3 Qc7 6. g3 Nf6 7. Bg2 Be7 8. Be3
O-O 9. O-O d6 10. a4 Nc6 11. Nb3 b6 12. f4 Bb7 13. g4 g6 14. g5 Nh5 15. f5 Ne5
16. f6 Bd8 17. Ne2 Qc4 18. Nd2 Qc7 19. Nf4 Nxf4 20. Rxf4 h5 21. Rh4 Nd7 22. Qf3
d5 23. Rf1 Qe5 24. Bf4 dxe4 25. Qe2 Qxb2 26. Nc4 Qc3 27. Bd2 Qd4+ 28. Be3 Qc3
29. Bd2 Qd4+ 30. Be3 1/2-1/2

[Event "26th WSCC 2016 Open 50+"]
[Site "Marianske Lazne, Czech Republic - Hotel Cristal and Continental"]
[Date "2016.11.30"]
[Round "11.75"]
[White "Vlcek, Antonin"]
[Black "Jesensky, Jaromir"]
[Result "1-0"]
[WhiteElo "1798"]
[BlackElo "1500"]
[PlyCount "41"]
[EventDate "2016.11.19"]

1. e4 d5 2. exd5 Qxd5 3. Nc3 Qd6 4. d4 Nf6 5. Nf3 a6 6. Be2 b5 7. a3 Bb7 8. Bg5
Nbd7 9. Qd2 e6 10. O-O Be7 11. Rad1 Ne4 12. Nxe4 Bxe4 13. Bf4 Qb6 14. Ng5 Bb7
15. Qd3 g6 16. Ne4 Rd8 17. Bf3 e5 18. dxe5 Nxe5 19. Qc3 Nxf3+ 20. gxf3 f6 21.
Bxc7 1-0

[Event "26th WSCC 2016 Open 50+"]
[Site "Marianske Lazne, Czech Republic - Hotel Cristal and Continental"]
[Date "2016.11.30"]
[Round "11.76"]
[White "Dolezal, Rudolf"]
[Black "Bauer, Matthias"]
[Result "1/2-1/2"]
[WhiteElo "1744"]
[BlackElo "1688"]
[PlyCount "49"]
[EventDate "2016.11.19"]

1. e4 d5 2. exd5 Qxd5 3. Nf3 Nf6 4. Nc3 Qa5 5. Be2 Bf5 6. O-O c6 7. d3 Qc7 8.
Nh4 Bg6 9. Bg5 Nbd7 10. Qd2 e6 11. d4 Bb4 12. Nxg6 hxg6 13. Bf4 Bd6 14. Bxd6
Qxd6 15. g3 O-O-O 16. Bf3 Ne5 17. Bg2 Qxd4 18. Qxd4 Rxd4 19. f4 Neg4 20. h3 Ne3
21. Rf2 Nxg2 22. Kxg2 Rhd8 23. Re1 Rd2 24. Ree2 Rxe2 25. Rxe2 1/2-1/2

[Event "26th WSCC 2016 Open 50+"]
[Site "Marianske Lazne, Czech Republic - Hotel Cristal and Continental"]
[Date "2016.11.30"]
[Round "11.78"]
[White "Rehurek, Jiri"]
[Black "De Meester, Johan"]
[Result "1-0"]
[WhiteElo "1633"]
[BlackElo "1828"]
[PlyCount "69"]
[EventDate "2016.11.19"]

1. c4 c6 2. d4 d5 3. cxd5 cxd5 4. Nc3 Nf6 5. Bf4 e6 6. e3 a6 7. Bd3 Bd6 8. Bxd6
Qxd6 9. Nf3 Nc6 10. Rc1 O-O 11. O-O h6 12. Bb1 Bd7 13. h3 Rac8 14. Re1 Rfd8 15.
Qd3 e5 16. dxe5 Nxe5 17. Nxe5 Qxe5 18. Qd2 Qg5 19. Kh2 d4 20. Ne2 Bc6 21. Ng3
h5 22. f4 Qh4 23. Nf5 Ng4+ 24. Kg1 Qf6 25. exd4 Nh6 26. Ne7+ Kh8 27. Nxc8 Rxc8
28. d5 Rd8 29. Qd3 g6 30. Qc3 Qxc3 31. Rxc3 Rxd5 32. Be4 Rd6 33. Bxc6 bxc6 34.
Rec1 Nf5 35. Rxc6 1-0

[Event "26th WSCC 2016 Open 50+"]
[Site "Marianske Lazne, Czech Republic - Hotel Cristal and Continental"]
[Date "2016.11.30"]
[Round "11.81"]
[White "Kabyzhanov, Bulat"]
[Black "Syrchikov, Alexander"]
[Result "0-1"]
[WhiteElo "2039"]
[BlackElo "2416"]
[PlyCount "72"]
[EventDate "2016.11.19"]

1. d4 Nf6 2. c4 e6 3. a3 b6 4. Nc3 Bb7 5. Bg5 h6 6. Bh4 Be7 7. e3 O-O 8. h3 d5
9. Nf3 c5 10. dxc5 bxc5 11. Qc2 Nbd7 12. Rd1 Re8 13. Be2 Qb6 14. cxd5 exd5 15.
O-O Rac8 16. Bb5 Bc6 17. a4 a6 18. Bxc6 Qxc6 19. Bg3 Qe6 20. a5 Bd8 21. Qb3 Kh8
22. Qa2 Bc7 23. Bxc7 Rxc7 24. Rd2 Ne4 25. Qxd5 Nxd2 26. Nxd2 Ne5 27. Qxe6 fxe6
28. f4 Rd8 29. Ncb1 Nd3 30. Nc4 Rb8 31. Nc3 Rb4 32. Ne5 Nxe5 33. fxe5 Rxb2 34.
Rf8+ Kh7 35. Ne4 c4 36. Re8 c3 0-1